000 00639nam a22002055i 4500
001 178302
003 ES-MaACL
005 20250728115102.0
008 110525s1969 sp |||| | spa d
080 _a2(091)
245 0 0 _aReligión primitiva.
260 _aMadrid :
_bDelblan,
_cD. L. 1969.
300 _a16 p. ;
_c16 cm.
490 1 _aMosaico cultural. 6. Religiones y sectas ;
_v3
500 _aEncuadernado con otros títulos.
650 0 4 _aReligiones-
_xHistoria
_916823
830 0 0 _aMosaico cultural.
_pReligiones y sectas
_v3
_9224281
852 _aES-MaACL
_jE-15193 (3)
_xOlim P-1923
999 _c178302
_d178302